000 00350nam a2200145 a 4500
008 990308s1953||||xx 0 und c
040 _aSNK
_bslo
_cSNK
_eAACR2
245 1 0 _aZo slovenskej literárnej minulosti
260 _aBratislava
_bSVKL
_c1953
300 _a373 s.
100 1 _aMráz, A.
020 _c38,20
041 _aslo
044 _axo
_cSK
999 _c14909
_d14909